Analysis and algebra on differentiable manifolds : a workbook for students and teachers /

Guardado en:
Autor Principal: Gadea, P. M.
Otros Autores: Muñoz Masqué, J.
Formato: Libro
Idioma:English
Publicado: Dordrecht ; New York : Springer, c2009.
Edición:Rev. ed.
Materias:
Etiquetas: Agregar Etiqueta
Sin Etiquetas, Sea el primero en etiquetar este registro!
LEADER 01194cam a2200265 a 4500
001 MAT.inmabb006695
008 091112s2009####ne#a#####b####001#0#eng##
005 20151021140540.0
245 1 0 |a Analysis and algebra on differentiable manifolds :  |b a workbook for students and teachers /  |c by P.M. Gadea and J. Muñoz Masqué. 
250 |a Rev. ed. 
260 |a Dordrecht ;  |a New York :  |b Springer,  |c c2009. 
300 |a xv, 438 p. :  |b il. ;  |c 24 cm. 
504 |a Incluye referencias bibliográficas (p. 419-420) e índice. 
505 0 |a 1. Differentiable manifolds -- 2. Tensor fields and differential forms -- 3. Integration on manifolds -- 4. Lie groups -- 5. Fibre bundles -- 6. Riemannian geometry -- 7. Some definitions and theorems -- 8. Some formulas and tables. 
510 4 |a MR,  |c 2010i:58001 
020 |a 9789048135639 (pbk. : acid-free paper) 
020 |a 9789048135646 (ebk.) 
100 1 |a Gadea, P. M.  |q (Pedro Martínez) 
700 1 |a Muñoz Masqué, J.  |q (Jaime) 
650 0 |a Differentiable manifolds. 
084 |a 58-01 (53-01)  |2 msc2000 
010 |a  2009941371 
040 |a DLC  |c DLC 
859 |h 58  |i G124  |p A-8789  |b BIB. MATEMATICA 
859 |h 58  |i G124  |p A-8895  |t Ej. 2  |b BIB. MATEMATICA